Industrielles Innovationsmarketing <Eine> ganzheitliche Perspektive

Gespeichert in:
Bibliographische Detailangaben
1. Verfasser: Kliche, Mario
Format: Buch
Sprache:Deutsch
Veröffentlicht: Wiesbaden Gabler 1991
Ausgabe:1. Aufl.
Schlagworte:
Tags: Tag hinzufügen
Keine Tags, Fügen Sie das erste Tag hinzu!

MARC

LEADER 00000nam a2200000 4500
001 c000175
005 20221214102111.9
020 |a 3-409-13653-3 
041 0 |a ger 
044 |a DE 
245 1 0 |a Industrielles Innovationsmarketing  |b <Eine> ganzheitliche Perspektive  |c Mario Kliche 
250 |a 1. Aufl. 
264 1 |a Wiesbaden  |b Gabler  |c 1991 
300 |a 198 s. 
610 2 0 |a inovácia 
610 2 0 |a marketing 
610 2 0 |a technológie nové 
610 2 0 |a technika 
610 2 0 |a mikroelektronika 
610 2 0 |a priemysel 
610 2 0 |a konkurencia 
100 1 |a Kliche, Mario